000 00917nas a2200301 4500
001 BR0905838
003 BR-BrBNA
005 20231205113745.0
007 ta
008 230509b bl.|||p| |||| 00| 00por d
040 _aBR-BrBNA
_bpor
_cBiblioteca Nacional de Agricultura
041 _a(Pt)
072 _aF50; F60; F30
100 1 _aAndrade, R.A. de
100 1 _aLemos, E.G. de M.
100 1 _aMartins, A.B.G.
100 1 _aPaula, R.C. de
100 1 _aPitta Junior, J.L.
245 1 _aCaracterização morfológica e química de frutos de rambutan
650 _aFRUTA TROPICAL
650 _aMORFOLOGIA VEGETAL
650 _aGENÓTIPO
650 _aPROPRIEDADE FÍSICO-QUÍMICA
650 _aJABOTICABAL
773 0 _tRevista Brasileira de Fruticultura (Brazil)
_xISSN 0100 2945
_g(Dec 2008), v. 30(4) p. 958-963
_wBR0905838
909 _a202311
_bLúcia
_c55
_dLúcia Elande
942 _2AGRIS
_n0
_cANA
999 _c205440
_d205440